000 00249nam a2200097Ia 4500
001 1207050
005 20250827022817.0
008 250824s9999 xx 000 0 und d
245 0 _a57. ALAY GALİÇYA
_cİSMAİL BİLGİN
260 _bTİMAŞ YAYINLARI
999 _c1207050
_d1207050